000 00681nam a2200229 i 4500
001 124492
003 ES-MaACL
007 t|
008 070328s1930 sp ||||1| spa d
080 _a781.42
100 1 _aKrehl, Stephan.
_968796
245 1 0 _aContrapunto /
_cStephan Krehl ; traducción directa del alemán por Antonio Ribera y Maneja.
260 _aBarcelona :
_bLabor,
_c[1930]
300 _a200 p. ;
_c17 cm.
490 1 _aColección Labor ;
_v230
500 _aMúsica intercal.
650 1 4 _aContrapunto.
_911321
700 1 _aRibera Maneja, Antonio.
_996792
830 0 0 _aColección Labor
_v230
_9184254
852 _aES-MaACL
_jE-2737
999 _c124492
_d124492